000 01860nam a2200301 a 4500
001 000024434
005 20250311111645.0
008 110127s2002 mx r 000 | spa d
020 _a9686755322
040 _aDO-SdBNP
_bspa
_cBNPHU
082 _a300.72
_bR579a
245 0 3 _aPor los rincones :
_bantología de métodos cualitativos en la investigación social /
_ccompilados por Catalina A. Denman, Jesús Armando Haro; edición de Inés Martínez de Castro N.
260 _aHermosillo, México :
_bEl Colegio de Sonora,
_c2002.
300 _a362 p. ;
_c22 cm.
490 1 _aEl Colegio de Sonora
500 _aIncluye referencias bibliográficas
505 0 _tIntroducción: trayectoria y desvaríos de los métodos cualitativos en la investigación social /
_rCatalina A. Denman y Jesús Armando Haro
_tEl rigor en la investigación de la salud: hacia un desarrollo conceptual /
_rJohn W. Ratcliffe y Amalia González -Del-Valle
_tParadigma en competencia en la investigación cualitativa /
_rEgon G. Guba e Yvonna S. Lincoln
_tUn punto de vista interpretativo /
_rNorman K. Denzin
_tEl paradigma etnográfico /
_rPeggy Reeves Sandy
_tLa danza del diseño de investigación cualitativa: metáfora, metodolatría y significado /
_rValerie J. Janesick
_tMétodos para el manejo y el análisis de datos /
_rA. Michael Huberman y Matthew B. Miles
_aBibliografía sobre investigación cualitativa
650 4 _aInvestigación social
_914499
650 0 _aCiencias sociales --
_xMetodología
_97482
650 4 _aCiencias sociales
_xInvestigaciones
_92113
650 4 _aInvestigación cualitativa
_950089
700 1 _aCatalina A. Denman
_ecomp.
_950090
700 1 _aJesús Armando Haro
_ecomp.
_950091
700 1 _aMartínez de Castro N., Inés
_eed.
_950092
710 2 _aUniversidad de Guadalajara
_950093
830 3 _aEl Colegio de Sonora
_950094
049 _aBNGR
999 _c23927
_d23927